000 00339nam a2200133Ia 4500
008 231129s1976||||xx |||||||||||||| ||spa||
040 _bspa
082 _aCo864.44 T693e
100 _aTorres Hernan
245 0 _aEstudios edicion en homenaje a Guillermo Valencia 1873-1973
260 _c1976
264 _aCarvajal
942 _2ddc
_cBKS
999 _c13653
_d13653